LEADER 00922naa a2200217 u 4500 001 000000099199 003 CaOOAMICUS 005 20070226130157.0 008 050928s1985 it u000 u ita u 035 $a11060485 040 $aIAR$bita 100 1 $aVisoną, Giuseppe,$d1951-$0(OLS)http://pul/name/1174 245 10$aPseudo-Ippolito "In S. Pascha" 53 e la tradizione dell'enkrąteia /$cGiuseppe Visoną. 260 $aBologna :$bEd. Dehoniane,$c1985. 300 $aS. 445-488 ;$c22 cm 600 04$aPseudo-Hippolytus.$0(OLS)http://pul/subject/31720 730 0 $aCristianesimo nella storia$g[Spogli].$0(OLS)http://pul/title/7312 773 0 $aCristianesimo nella storia ;.$tvol. VI/3 (1985) 773 0 $tCristianesimo nella storia$w()5012 996 $6245$aPseudo-Ippolito "In S. Pascha" 53 e la tradizione dell'enkrąteia$9(OLS)http://pul/title/126078 996 $6260$aBologna :$bEd. Dehoniane$9(OLS)http://pul/publisher/48282 LEADER 01135nam a2200289 a 4500 001 000000133439 003 CaOOAMICUS 005 20130409120614.0 008 130409s1978 fr bda u000 u fre r 020 $a978-2-218-04176-1 040 $aPUL$bita 082 04$a960 100 1 $aKi-Zerbo, Joseph.$0(OLS)http://pul/name/15035 245 10$aHistoire de l'Afrique noire :$bd'hier ą demain /$cJoseph Ki-Zerbo. 260 $aParis :$bHatier,$c1978. 300 $a731, XXXI p. :$bill., c. geogr., grafici ;$c24 cm 500 $aInclude indice. 504 $aBibliografia in nota. 651 4$aAfrica$xStoria.$0(OLS)http://pul/subject/9917 850 $aPUL 852 $aPUL$W1$xSL Cons. Gen., Altre Classi 3$y75$m960 KIZJO 1$j153354$qDDC 21$B152914$CPULBib$Z2$F152914 $H121978 $82 941 1 $a9 996 $6020$a978-2-218-04176-1$9(OLS)http://pul/number/152326 996 $6082$a960$9(OLS)http://pul/classification/2372 996 $6245$aHistoire de l'Afrique noire :$bd'hier ą demain$9(OLS)http://pul/title/168630 996 $6260$aParis :$bHatier$9(OLS)http://pul/publisher/71116